[Event "GER-ch Net blitz qual1"]
[Site "Playchess.com INT"]
[Date "2021.04.24"]
[Round "6"]
[White "Melde, Volker"]
[Black "Schulze, Mario"]
[Result "1/2-1/2"]
[WhiteElo "1834"]
[BlackElo "1620"]
[PlyCount "117"]
[EventDate "2021.04.24"]
[EventType "swiss (blitz)"]
[EventRounds "11"]
[EventCountry "GER"]
[SourceTitle "CBM 202 Extra"]
[Source "ChessBase"]
[SourceDate "2021.07.31"]
[SourceVersion "1"]
[SourceVersionDate "2021.07.31"]
[SourceQuality "1"]

1. d4 Nf6 2. Nf3 g6 3. c4 Bg7 4. Nc3 d5 5. Bg5 c6 6. e3 0-0 7. Bd3 dxc4 8. Bxc4 b5 9. Bd3 a6 10. a3 Nbd7 11. b4 Nb6 12. Rc1 Nbd5 13. 0-0 h6 14. Bh4 Bd7 15. Ne5 Rc8 16. Bb1 a5 17. Nxd5 cxd5 18. Bxf6 Bxf6 19. Nxd7 Qxd7 20. bxa5 Ra8 21. Qd2 Qa7 22. Rc5 Qxa5 23. Qxa5 Rxa5 24. Rxd5 e6 25. Rd7 Rxa3 26. Be4 Rc8 27. Rb7 h5 28. Rxb5 Rac3 29. g3 Rc1 30. Rxc1 Rxc1+ 31. Kg2 Rc7 32. Rb7 Rxb7 33. Bxb7 Kf8 34. Kf3 Ke7 35. Ke4 Kd6 36. Ba6 Bd8 37. Bc4 f6 38. Kd3 Ba5 39. f3 g5 40. h3 f5 41. g4 fxg4 42. fxg4 hxg4 43. hxg4 e5 44. d5 Bb6 45. Ke4 Bd8 46. Bb3 Be7 47. Kf5 Bd8 48. Kg6 Kd7 49. Kf7 Kd6 50. Ke8 Bb6 51. e4 Be3 52. Kf7 Bc1 53. Kf6 Bd2 54. Ba4 Bc1 55. Be8 Bd2 56. Bg6 Bc1 57. Bf5 Bd2 58. Kf7 Bc1 59. Kg6 1/2-1/2

[Event "GER-ch Net blitz qual1"]
[Site "Playchess.com INT"]
[Date "2021.04.24"]
[Round "5"]
[White "Schulze, Mario"]
[Black "Diehl, Mirko"]
[Result "0-1"]
[WhiteElo "1620"]
[BlackElo "1847"]
[PlyCount "58"]
[EventDate "2021.04.24"]
[EventType "swiss (blitz)"]
[EventRounds "11"]
[EventCountry "GER"]
[SourceTitle "CBM 202 Extra"]
[Source "ChessBase"]
[SourceDate "2021.07.31"]
[SourceVersion "1"]
[SourceVersionDate "2021.07.31"]
[SourceQuality "1"]

1. e4 c5 2. d4 cxd4 3. c3 dxc3 4. Nxc3 e6 5. Nf3 Bb4 6. Bd2 Ne7 7. a3 Ba5 8. Bc4 a6 9. b4 Bb6 10. Rc1 0-0 11. 0-0 d5 12. exd5 exd5 13. Nxd5 Nxd5 14. Bxd5 Qxd5 15. Qc2 Be6 16. Ng5 Bf5 17. Qb2 Bd4 18. Bc3 Bxc3 19. Rxc3 Nc6 20. Rg3 Qd4 21. Qc1 Bg6 22. Rd1 Qb6 23. Qb2 Rad8 24. Rc1 Qd4 25. Qb3 Qd2 26. Rf1 Nd4 27. Qc4 Ne2+ 28. Kh1 Nxg3+ 29. fxg3 Qxg5 0-1

[Event "GER-ch Net blitz qual1"]
[Site "Playchess.com INT"]
[Date "2021.04.24"]
[Round "7"]
[White "Schulze, Mario"]
[Black "Kuehn, Viktoria"]
[Result "1-0"]
[WhiteElo "1620"]
[BlackElo "1763"]
[PlyCount "115"]
[EventDate "2021.04.24"]
[EventType "swiss (blitz)"]
[EventRounds "11"]
[EventCountry "GER"]
[SourceTitle "CBM 202 Extra"]
[Source "ChessBase"]
[SourceDate "2021.07.31"]
[SourceVersion "1"]
[SourceVersionDate "2021.07.31"]
[SourceQuality "1"]

1. e4 c6 2. d4 d5 3. Nc3 h6 4. Nf3 Bg4 5. h3 Bh5 6. g4 Bg6 7. Bd3 e6 8. exd5 Bxd3 9. Qxd3 cxd5 10. Bf4 Nc6 11. 0-0-0 Bd6 12. Bxd6 Qxd6 13. Rhe1 Nf6 14. Ne5 Nd7 15. f4 Rf8 16. Nb5 Qb8 17. Nxd7 Kxd7 18. f5 a6 19. Nc3 Qd6 20. Na4 Kc7 21. fxe6 fxe6 22. Nc5 Rae8 23. Rf1 Rf4 24. Rxf4 Qxf4+ 25. Kb1 Kb8 26. Qb3 Re7 27. Nxa6+ Kc8 28. Qc3 Qd6 29. Nb4 Rf7 30. Nxc6 Qxc6 31. Qe3 Kd7 32. a3 Qc4 33. Re1 Rf6 34. b3 Qa6 35. a4 Qc6 36. h4 Rf8 37. Kb2 Rc8 38. Re2 Rf8 39. g5 h5 40. Qe5 Rf7 41. g6 Re7 42. Qxh5 Qb6 43. Qe5 Qc6 44. h5 Qc7 45. Qxc7+ Kxc7 46. Rf2 Kd6 47. Kc3 e5 48. dxe5+ Rxe5 49. Rf7 Rxh5 50. Rxg7 Kc6 51. Rg8 Rg5 52. g7 Kc7 53. b4 Rg4 54. Kb3 b6 55. c3 Rg3 56. Ra8 Kb7 57. g8Q Rxg8 58. Rxg8 1-0

[Event "Erfurt op-A 29th"]
[Site "Erfurt"]
[Date "2019.12.28"]
[Round "5"]
[White "Schulze, Mario"]
[Black "Mucha, Annegret"]
[Result "1/2-1/2"]
[WhiteElo "1911"]
[BlackElo "2041"]
[PlyCount "31"]
[EventDate "2019.12.26"]
[EventType "swiss"]
[EventRounds "8"]
[EventCountry "GER"]
[SourceTitle "CBM 194 Extra"]
[Source "ChessBase"]
[SourceDate "2020.03.31"]
[SourceVersion "1"]
[SourceVersionDate "2020.03.31"]
[SourceQuality "1"]

1. e4 c5 2. Nf3 d6 3. d4 cxd4 4. Nxd4 Nf6 5. f3 a6 6. c4 e6 7. Be3 Be7 8. Nc3 0-0 9. Be2 Nc6 10. 0-0 Qc7 11. Rc1 Rd8 12. Nd5 exd5 13. cxd5 Bd7 14. dxc6 bxc6 15. Bf2 Qb7 16. b3 1/2-1/2

[Event "Erfurt op-A 29th"]
[Site "Erfurt"]
[Date "2019.12.27"]
[Round "2"]
[White "Schulte, Juergen"]
[Black "Schulze, Mario"]
[Result "1-0"]
[WhiteElo "2062"]
[BlackElo "1911"]
[PlyCount "93"]
[EventDate "2019.12.26"]
[EventType "swiss"]
[EventRounds "8"]
[EventCountry "GER"]
[SourceTitle "CBM 194 Extra"]
[Source "ChessBase"]
[SourceDate "2020.03.31"]
[SourceVersion "1"]
[SourceVersionDate "2020.03.31"]
[SourceQuality "1"]

1. d4 Nf6 2. c4 c5 3. d5 b5 4. Qc2 g6 5. e4 d6 6. Nf3 Bg7 7. cxb5 a6 8. Nc3 0-0 9. Bd3 axb5 10. Bxb5 Qa5 11. Nd2 Ba6 12. Nc4 Qc7 13. 0-0 Bxb5 14. Nxb5 Qb7 15. a4 Na6 16. Ra3 Nb4 17. Qe2 Nd7 18. Bg5 Rfe8 19. Qd2 Nb6 20. Nxb6 Qxb6 21. Bh6 Bh8 22. Qf4 Be5 23. Qh4 Bf6 24. Bg5 Bxg5 25. Qxg5 Kg7 26. Rh3 Rh8 27. Qxe7 Qd8 28. Qxd6 Qxd6 29. Nxd6 Rxa4 30. Rc3 Na6 31. f3 Rb8 32. Nc4 Rbb4 33. b3 Ra2 34. Rd1 Nb8 35. Ne5 Rd4 36. Rxd4 cxd4 37. Rd3 f6 38. Nc4 Nd7 39. Rxd4 Ra1+ 40. Kf2 Rb1 41. Na5 Nc5 42. b4 Rxb4 43. Rxb4 Nd3+ 44. Ke3 Nxb4 45. Nc6 Na6 46. Kd4 Kf7 47. f4 1-0

[Event "Dresden ZMD op"]
[Site "Dresden"]
[Date "2004.07.22"]
[Round "8"]
[White "Beckemeier, Werner"]
[Black "Schulze, Mario"]
[Result "1-0"]
[WhiteElo "2123"]
[BlackElo "1928"]
[PlyCount "75"]
[EventDate "2004.07.15"]
[EventType "tourn"]
[EventRounds "9"]
[EventCountry "GER"]
[SourceTitle "EXT 2006"]
[Source "ChessBase"]
[SourceDate "2005.11.24"]
[SourceVersion "1"]
[SourceVersionDate "2005.11.24"]
[SourceQuality "1"]

1. e4 c5 2. Nf3 d6 3. Bb5+ Bd7 4. Bxd7+ Nxd7 5. 0-0 e6 6. c3 Ngf6 7. Re1 Be7 8. d4 0-0 9. Bf4 Nh5 10. Be3 Nhf6 11. Nbd2 Re8 12. h3 Rc8 13. dxc5 Nxc5 14. Qe2 Qc7 15. Bf4 e5 16. Bg5 Ne6 17. Bxf6 Bxf6 18. g3 Rcd8 19. Rad1 d5 20. exd5 Rxd5 21. Ne4 Red8 22. Nxf6+ gxf6 23. Nh4 Qd7 24. Rxd5 Qxd5 25. Qg4+ Kh8 26. Qf5 Kg7 27. Nf3 Nf8 28. h4 Qe6 29. Qe4 Qd5 30. Qg4+ Kh8 31. h5 Qe6 32. Qh4 Qf5 33. Nxe5 Rd7 34. g4 Qf4 35. Nc4 Rd5 36. Ne3 Rd2 37. Nf5 Ne6 38. Qxf6+ 1-0

[Event "Dresden ZMD op"]
[Site "Dresden"]
[Date "2004.07.15"]
[Round "1"]
[White "Schulze, Mario"]
[Black "Glek, Igor Vladimirovich"]
[Result "0-1"]
[WhiteElo "1928"]
[BlackElo "2578"]
[PlyCount "70"]
[EventDate "2004.07.15"]
[EventType "tourn"]
[EventRounds "9"]
[EventCountry "GER"]
[SourceTitle "EXT 2006"]
[Source "ChessBase"]
[SourceDate "2005.11.24"]
[SourceVersion "1"]
[SourceVersionDate "2005.11.24"]
[SourceQuality "1"]

1. e4 c5 2. Nf3 e6 3. d4 cxd4 4. Nxd4 a6 5. Nc3 b5 6. Be2 Ne7 7. 0-0 Bb7 8. Bf3 Nbc6 9. Nxc6 Nxc6 10. Re1 d6 11. Be3 Be7 12. Qe2 0-0 13. Rad1 Qc7 14. Bd4 Rac8 15. a3 Rfd8 16. Qe3 Nxd4 17. Rxd4 Bf6 18. Rd3 Be5 19. g3 Qc5 20. Bg2 Qxe3 21. Rexe3 g5 22. h4 gxh4 23. f4 Bxc3 24. Rxc3 hxg3 25. Rxg3+ Kf8 26. Kf2 Rxc3 27. Rxc3 Rc8 28. Rxc8+ Bxc8 29. Ke3 e5 30. f5 Ke7 31. Bf1 d5 32. exd5 Bxf5 33. c4 bxc4 34. Bxc4 Bc8 35. Bd3 f5 0-1